书目信息 |
| 题名: |
运动伤病的预防与康复治疗
|
|
| 作者: | 陈杰 , 任爽 , 朱敬生 主编 | |
| 分册: | ||
| 出版信息: | 北京 中国纺织出版社 2018 |
|
| 页数: | 336页 | |
| 开本: | 26cm | |
| 丛书名: | ||
| 单 册: | ||
| 中图分类: | R873 | |
| 科图分类: | ||
| 主题词: | 运动性疾病--yun dong xing ji bing--损伤--预防 (卫生) , 运动性疾病--yun dong xing ji bing--损伤--康复 | |
| 电子资源: | ||
| ISBN: | 978-7-5180-2167-3 | |
| 000 | 01135nam0 2200289 450 | |
| 001 | 012001002306 | |
| 005 | 20131110141459.0 | |
| 010 | @a978-7-5180-2167-3@dCNY76.50 | |
| 099 | @aCAL 012018023205 | |
| 100 | @a20180124d2018 em y0chiy50 ea | |
| 101 | 0 | @achi |
| 102 | @aCN@b110000 | |
| 105 | @aak a 000yy | |
| 106 | @ar | |
| 200 | 1 | @a运动伤病的预防与康复治疗@Ayun dong shang bing de yu fang yu kang fu zhi liao@f陈杰, 任爽, 朱敬生主编 |
| 210 | @a北京@c中国纺织出版社@d2018 | |
| 215 | @a336页@c图@d26cm | |
| 320 | @a有书目 (第335-336页) | |
| 330 | @a本书以指导人们在体育锻炼实践中正确地处理发生的伤病情况, 以及加强预防意识, 更好地进行安全、健康的体育锻炼。全书遵循科学性、创新性的原则, 以内容实用、全面、针对性为最大目标, 对运动损伤与运动性疾病方面的内容进行全面的总结与分类介绍。 | |
| 606 | 0 | @a运动性疾病@Ayun dong xing ji bing@x损伤@x预防 (卫生) |
| 606 | 0 | @a运动性疾病@Ayun dong xing ji bing@x损伤@x康复 |
| 690 | @aR873@v5 | |
| 701 | 0 | @a陈杰@Achen jie@4主编 |
| 701 | 0 | @a任爽@Aren shuang@4主编 |
| 701 | 0 | @a朱敬生@Azhu jing sheng@4主编 |
| 801 | 0 | @aCN@b北京卓展@c20191020 |
| 905 | @b1205205-8@dR873@e23@f4 | |
| 运动伤病的预防与康复治疗/陈杰, 任爽, 朱敬生主编.-北京:中国纺织出版社,2018 |
| 336页:图;26cm |
| ISBN 978-7-5180-2167-3:CNY76.50 |
| 本书以指导人们在体育锻炼实践中正确地处理发生的伤病情况, 以及加强预防意识, 更好地进行安全、健康的体育锻炼。全书遵循科学性、创新性的原则, 以内容实用、全面、针对性为最大目标, 对运动损伤与运动性疾病方面的内容进行全面的总结与分类介绍。 |
| ● |
| 相关链接 |
|
|
|
|
正题名:运动伤病的预防与康复治疗
索取号:R873/23
 
预约/预借
| 序号 | 登录号 | 条形码 | 馆藏地/架位号 | 状态 | 备注 |
| 1 | 1205205 | 212052053 | 第二样本阅览室/ [索取号:R873/23] | 在馆 | |
| 2 | 1205206 | 212052062 | 第三借阅区/ [索取号:R873/23] | 在馆 | |
| 3 | 1205207 | 212052071 | 第三借阅区/ [索取号:R873/23] | 在馆 | |
| 4 | 1205208 | 212052080 | 第三借阅区/ [索取号:R873/23] | 在馆 |